00535 2200205 4500001002100000005001700021020001800038035002500056040001200081082001100093084001700104100001200121245008100133250001000214260003100224500002500255650002000280850001200300990001700312YOGYA00000000008247920150710095735.0 a979-672-460-X a0010-081400000082196 aYOPDYOG a638.57 a638.57 Sri T aSridadi aTeknik Beternak Jangkrikbcara mudah dan menguntungkanc/ Sridadi, Rachmanto aCet 5 aYogyakartabKanisiusc2003 aBibliografi : hlm.52 aTernak Serangga aYOPDYOG a310-Rd2/P.00